1056 1076 1916 1606 1120 1275 1943 1633 1945 1522 1132 1670 1974 1582 1718 1446 1807 1324 1598 1162 1136 1388 1509 1406 1716 1063 1761 1600 1051 1038 1032 1544 1007 1561 1798 1322 1161 1013 1731 1125 1347 1295 1923 1842 1076 1744 1366 1949 1155 1978 1233 1887 1010 1065 1319 1187 1380 1775 1377 1278 1497 1563 1310 1236 1020 1418 1514 1648 1204 1264 1906 1190 1935 1589 1582 1765 1889 1942 1839 1664 1392 1112 1387 1430 1475 1115 1146 1666 1271 1391 1121 1931 1484 1209 1051 1182 1956 1349 1056 BCNSPRNW ULIB Ver.6.0+V

เปลี่ยนเป็นภาษาไทย

Change to English
 แสดงรายละเอียดบรรณานุกรม
  กลับหน้าหลัก

Brief Record : Get Marc (ISO 2709) : E-mail record : QR code < ปิดหน้าต่าง
LEADER : 00000nac a2200000 a 4500
001    13399114836
003     ULIB
008    050929s2547 th a 000 0 tha d
020    9741328737
050  4 ^aHQ76^bค752
245 00 ^aเครือข่ายสังคมและเพศสัมพันธ์กลุ่มชายชอบชาย /^cคณะผู้วิจัย วิภา ด่านธำรงกุล ... [และคนอื่นๆ] ; [บรรณาธิการ, วิภา ด่านธำรงกุล, วิชัย โปษยะจินดา]
250    ^aพิมพ์ครั้งที่ 1
260    ^aกรุงเทพฯ :^bฝ่ายศูนย์วิจัยยาเสพติด สถาบันวิจัยวิทยาศาสตร์การแพทย์ จุฬาลงกรณ์มหาวิทยาลัย,^c2547
300    ^a204 หน้า :^bภาพประกอบ ;^c24 ซม.
500    ^aSend to Single Search
650  4 ^aรักร่วมเพศ
650  4 ^aวิจัย
650  4 ^aผู้ชายขายตัว
650  4 ^aเพศสัมพันธ์
700 0  ^aวิภา ด่านธำรงกุล
700 0  ^aวิชัย โปษยะจินดา,^eบรรณาธิการ
710 2  ^aจุฬาลงกรณ์มหาวิทยาลัย. ^bสถาบันวิจัยวิทยาศาสตร์การแพทย์.
945    ^p0^l0^i032025
945    ^p0^l0^i032026
995    ^aเกษร
999 ^a ใช้งานได้ทุกระบบ
รายการนี้ยังไม่มีแท็ก
คุณยังไม่ได้ล็อกอิน คุณสามารถมีกิจกรรมร่วมกับเว็บไซต์ได้ แต่ต้องล็อกอินก่อน ::
  ล็อกอิน

รายการสื่อสารสนเทศ

ลำดับที่ ประเภท เลขเรียก/บาร์โค้ด สถานที่ สถานะ
- ไม่พบข้อมูล -

รายการใกล้เคียง
    หัวเรื่อง [รักร่วมเพศ]
    หัวเรื่อง [วิจัย]
    หัวเรื่อง [เพศสัมพันธ์]

BibComment


ยังไม่เคยถูกคอมเมนท์

คอมเมนท์ทรัพยากรรายการนี้
  คอมเมนท์: เครือข่ายสังคมแล..


 Copyright 2026. Bcnsprnw @Library